|
|
|
|
| LEADER |
01096nam a22003372a 4500 |
| 001 |
001081939 |
| 003 |
CZ BrMZK |
| 005 |
20100111090609.0 |
| 007 |
ta |
| 008 |
100111s1962 xr er|||||||||||cze d |
| 015 |
|
|
|a cnb000613545
|
| 035 |
|
|
|a (OCoLC)85468933
|
| 040 |
|
|
|a ABA001
|b cze
|c LIA001
|d ABA001
|
| 080 |
9 |
|
|a 613/614(075.8)
|
| 100 |
1 |
|
|a Vaníček, František,
|d 1897-1993
|7 jk01141556
|4 aut
|
| 245 |
1 |
0 |
|a Hygiena :
|b určeno pro posluchače fak. lék. v Plzni /
|c František Vaníček a spoluprac.
|
| 250 |
|
|
|a 3. vyd.
|
| 260 |
|
|
|a Praha :
|b SPN,
|c 1962
|
| 300 |
|
|
|a 617 s. ;
|c 4°
|
| 490 |
1 |
|
|a Učební texty vys. škol
|
| 500 |
|
|
|a 460 výt.
|
| 500 |
|
|
|a Vyd. Karlova univ. se sídlem v Plzni
|
| 500 |
|
|
|a Pozn.
|
| 500 |
|
|
|a Odkazy na lit.
|
| 500 |
|
|
|a S fot. a il. v textu
|
| 710 |
2 |
|
|a Univerzita Karlova.
|b Lékařská fakulta v Plzni
|7 kn20010710348
|
| 830 |
|
0 |
|a Učební texty vysokých škol
|
| 910 |
|
|
|a BOA001
|b 4-0370.036-62
|
| 990 |
|
|
|a BK
|
| 991 |
|
|
|b 201001
|
| 996 |
7 |
|
|b 2619264265
|c 4-0370.036-62
|l MZK
|r Sklad / do 24 hodin
|n 1
|w 001104032
|u 000010
|a 1
|e BOA001
|j MZK50
|s A
|